Payroll management system for marcbilt construction incorporated/ (Record no. 285038)
[ view plain ]
| 000 -LEADER | |
|---|---|
| fixed length control field | 00530nam a2200145Ia 4500 |
| 008 - FIXED-LENGTH DATA ELEMENTS--GENERAL INFORMATION | |
| fixed length control field | 150609s9999 xx 000 0 und d |
| 050 ## - LIBRARY OF CONGRESS CALL NUMBER | |
| Classification number | T 1 |
| Item number | .T161 2015 |
| 100 ## - MAIN ENTRY--PERSONAL NAME | |
| Personal name | Tan, Schenine Janielle L. |
| 245 ## - TITLE STATEMENT | |
| Title | Payroll management system for marcbilt construction incorporated/ |
| Statement of responsibility, etc | Schenine Janielle L. Tan. |
| 260 ## - PUBLICATION, DISTRIBUTION, ETC. (IMPRINT) | |
| Place of publication, distribution, etc | Las Piñas, Philippines : |
| Name of publisher, distributor, etc | SISC, |
| Date of publication, distribution, etc | 2015. |
| 300 ## - PHYSICAL DESCRIPTION | |
| Extent | 61 pages : |
| Other physical details | illustrations ; |
| Dimensions | 28 cm. |
| 500 ## - GENERAL NOTE | |
| General note | Includes bibliographical references and appendices. |
| 650 ## - SUBJECT ADDED ENTRY--TOPICAL TERM | |
| Topical term or geographic name as entry element | Management System |
| 650 ## - SUBJECT ADDED ENTRY--TOPICAL TERM | |
| General subdivision | Finance |
| Withdrawn status | Lost status | Damaged status | Home library | Current library | Shelving location | Date acquired | Total Checkouts | Full call number | Barcode | Date last seen | Price effective from | Koha item type |
|---|---|---|---|---|---|---|---|---|---|---|---|---|
| College Library | College Library | 06/09/2015 | T 1 .T161 2015 | T0770 | 05/15/2018 | 06/09/2015 | Theses |